LEADER 00932nam a2200229 i 4500 001 000000064537 003 CaOOAMICUS 005 20130604000000.0 008 130604s1956 xx u000 u fre u 013 $a35709 040 $aSeMil$bita 100 1 $aVisser't Hooft, Willem Adolf,$d<1900-1985>.$0(OLS)http://semarc/name/90776 245 13$aLe renouveau de l'Église /$cW. A. Visser't Hooft. 260 $aGenève :$bLabor et Fides,$cstampa 1956. 300 $a86 p. ;$c25 cm. 490 0 $aNouvelle série théologique ;$v1 650 4$aTeologia - Saggi.$0(OLS)http://semarc/subject/231 830 0$aNouvelle série théologique ;$v1.$0(OLS)http://semarc/title/38766 850 $aSeMil 852 $aSeMil$W1$xVenegono$y1$m2M IV 265$j30690$B30690$CSeMilBibl$Z2$F30693 $81 996 $6245$aLe renouveau de l'Église$9(OLS)http://semarc/title/102210 996 $6260$aGenève :$bLabor et Fides$9(OLS)http://semarc/publisher/31164 LEADER 01143nam a2200217 i 4500 001 000000257280 003 CaOOAMICUS 005 20260130112550.0 008 180221s1823 it u000 u ita u 013 $a236188 026 $aarhe 1.7. 5.r. ti(6 (7) 1823 (R) 040 $aSeMil$bita 245 10$aVolume secondo in cui contiensi la polizia del Regno sotto Romani, Goti, Greci e Longobardi. 300 $a480, [8] p., [1] carta di tav. :$bill. 490 0 $aEdizione delle opere classiche italiane del secolo 18 773 0 $aGiannone, Pietro <1676-1748>$tIstoria civile del Regno di Napoli di Pietro Giannone. Volume 1.[-11.].$dMilano : Società tipog. de' classici italiani, 1823-$kEdizione delle opere classiche italiane del secolo 18.$g2$w()4248 830 0$aEdizione delle opere classiche italiane del secolo 18.$0(OLS)http://semarc/title/12449 850 $aSeMil 852 $aSeMil$W1$xVenegono$y1$m3T IV 90 FA$j207626$B207626$CSeMilBibl$Z2$F221153 $8I 996 $6245$aVolume secondo in cui contiensi la polizia del Regno sotto Romani, Goti, Greci e Longobardi$9(OLS)http://semarc/title/412785